00363nam a2200121Ia 4500008004100000041000800041082001200049100002000061245007300081260003900154300001900193520002900212240719s9999 xx 000 0 und d aeng a823 DES aDeshmukh Sushma aHats Of You Inspiring Stories Of Common People With An Uncommon Side aNAGPURbSAROJINI PUBLICATIONc2018 a223;. P. 22 Cm aGifted By : IMT Faculty